The gamification revolution : (Record no. 356316)
[ view plain ]
| 000 -LEADER | |
|---|---|
| fixed length control field | 00367nam a2200109Ia 4500 |
| 008 - FIXED-LENGTH DATA ELEMENTS--GENERAL INFORMATION | |
| fixed length control field | 180315s9999 xx 000 0 und d |
| 020 ## - INTERNATIONAL STANDARD BOOK NUMBER | |
| International Standard Book Number | 9780071808316 |
| 100 ## - MAIN ENTRY--PERSONAL NAME | |
| Personal name | Zichermann, Gabe |
| 245 ## - TITLE STATEMENT | |
| Statement of responsibility, etc | Linder, Joselin |
| Title | The gamification revolution : |
| Remainder of title | How leaders leverage game mechanics to crush the competition |
| 260 ## - PUBLICATION, DISTRIBUTION, ETC. (IMPRINT) | |
| Place of publication, distribution, etc | USA : |
| Name of publisher, distributor, etc | 2013 |
| Date of publication, distribution, etc | McGrawHill |
| 300 ## - PHYSICAL DESCRIPTION | |
| Extent | v, 235 pages |
| Withdrawn status | Lost status | Damaged status | Home library | Current library | Shelving location | Date acquired | Source of acquisition | Total Checkouts | Total Renewals | Full call number | Barcode | Date last seen | Date checked out | Price effective from | Koha item type |
|---|---|---|---|---|---|---|---|---|---|---|---|---|---|---|---|
| College Library | College Library | Graduate Section | 03/15/2018 | Library Fund | 3 | 6 | HF 5414 .Z53 2013 | C21420 | 10/19/2019 | 07/03/2019 | 03/15/2018 | Books |